[Event "Wuertemberg-ch Seniors 27th"]
[Site "Freudenstadt"]
[Date "2015.07.07"]
[Round "5"]
[White "Zaitseva, Tamara Porfireva"]
[Black "Helbig, Dieter"]
[Result "1/2-1/2"]
[WhiteElo "2037"]
[BlackElo "1797"]
[PlyCount "59"]
[EventDate "2015.07.03"]
[EventType "swiss"]
[EventRounds "9"]
[EventCountry "GER"]
[SourceTitle "EXT 2016"]
[Source "ChessBase"]
[SourceDate "2015.10.08"]
[SourceVersion "1"]
[SourceVersionDate "2015.10.08"]
[SourceQuality "1"]

1. e4 c5 2. Nf3 Nc6 3. Bb5 a6 4. Bxc6 dxc6 5. d3 Nf6 6. 0-0 h6 7. Nc3 e6 8. b3 Be7 9. Bb2 0-0 10. Qd2 Nd7 11. Rfe1 e5 12. Ne2 f6 13. Ng3 Rf7 14. Nf5 Bf8 15. N3h4 Kh7 16. Bc1 g5 17. Nf3 b5 18. h3 Nb6 19. g4 Bxf5 20. gxf5 a5 21. Qe2 Rd7 22. Be3 c4 23. dxc4 b4 24. Rad1 c5 25. Nh2 Qe8 26. Rxd7+ Nxd7 27. Rd1 Ra7 28. Rd3 h5 29. Qd1 Qf7 30. Rd5 1/2-1/2

[Event "Wuertemberg-ch Seniors 27th"]
[Site "Freudenstadt"]
[Date "2015.07.06"]
[Round "4"]
[White "Zaitseva, Tamara Porfireva"]
[Black "Pottgiesser, Ulrich"]
[Result "1/2-1/2"]
[WhiteElo "2037"]
[BlackElo "1711"]
[PlyCount "92"]
[EventDate "2015.07.03"]
[EventType "swiss"]
[EventRounds "9"]
[EventCountry "GER"]
[SourceTitle "EXT 2016"]
[Source "ChessBase"]
[SourceDate "2015.10.08"]
[SourceVersion "1"]
[SourceVersionDate "2015.10.08"]
[SourceQuality "1"]

1. e4 d5 2. exd5 Nf6 3. d4 Bg4 4. f3 Bf5 5. c4 e6 6. dxe6 Bxe6 7. Nc3 Qe7 8. Qe2 Na6 9. d5 Bf5 10. Bd2 Nb4 11. Qxe7+ Bxe7 12. 0-0-0 0-0-0 13. Be3 Kb8 14. g3 c6 15. Bf4+ Bd6 16. Bxd6+ Rxd6 17. c5 Rd7 18. d6 Re8 19. g4 Bc2 20. g5 Nh5 21. Bh3 Kc8 22. Rd4 Nd3+ 23. Rxd3 Bxd3 24. Kd2 Bc4 25. Bxd7+ Kxd7 26. Nh3 Be6 27. Nf2 Bf5 28. Re1 Nf4 29. Rxe8 Kxe8 30. h4 Ne6 31. b4 Nd4 32. Ke3 Nc2+ 33. Kf4 Be6 34. b5 Nd4 35. bxc6 Nxc6 36. a3 Kd7 37. Nd3 b6 38. Ne5+ Nxe5 39. Kxe5 bxc5 40. Ne4 c4 41. f4 Kc6 42. f5 Bd7 43. h5 Be8 44. Kd4 Bd7 45. Ke5 Be8 46. Kd4 Bd7 1/2-1/2

[Event "Wuertemberg-ch Seniors 27th"]
[Site "Freudenstadt"]
[Date "2015.07.04"]
[Round "2"]
[White "Zaitseva, Tamara Porfireva"]
[Black "Pocrnic, Josip"]
[Result "0-1"]
[WhiteElo "2037"]
[BlackElo "1823"]
[PlyCount "68"]
[EventDate "2015.07.03"]
[EventType "swiss"]
[EventRounds "9"]
[EventCountry "GER"]
[SourceTitle "EXT 2016"]
[Source "ChessBase"]
[SourceDate "2015.10.08"]
[SourceVersion "1"]
[SourceVersionDate "2015.10.08"]
[SourceQuality "1"]

1. e4 e6 2. d4 d5 3. Nc3 Nf6 4. Bg5 Be7 5. Qd2 dxe4 6. Bxf6 Bxf6 7. 0-0-0 Bg5 8. Nxe4 Bxd2+ 9. Rxd2 c6 10. Nf3 Qd5 11. Nc3 Qa5 12. Kb1 Nd7 13. Bd3 Qc7 14. Re1 0-0 15. h3 a5 16. Bf1 b5 17. g3 b4 18. Ne4 Ba6 19. c4 bxc3 20. Nxc3 Bxf1 21. Rxf1 Rab8 22. Rc1 Qb6 23. Rdc2 h6 24. h4 Rfc8 25. Ka1 Qa6 26. Rd1 a4 27. Ne4 Rd8 28. Rdc1 Rb6 29. Nd6 Nb8 30. Ne4 Rb5 31. Ne5 f6 32. Nxc6 Nxc6 33. Rxc6 Qb7 34. d5 Rbxd5 0-1

[Event "EU-ch Seniors 65 (Women)"]
[Site "Porto"]
[Date "2014.03.17"]
[Round "9"]
[White "Zaitseva, Tamara Porfireva"]
[Black "Dotan, Valeria"]
[Result "1/2-1/2"]
[WhiteElo "2099"]
[BlackElo "1959"]
[PlyCount "25"]
[EventDate "2014.03.09"]
[EventType "tourn"]
[EventRounds "9"]
[EventCountry "POR"]
[SourceTitle "CBM 159 Extra"]
[Source "ChessBase"]
[SourceDate "2014.04.24"]
[SourceVersion "1"]
[SourceVersionDate "2014.04.24"]
[SourceQuality "1"]

1. e4 e5 2. Nf3 Nc6 3. Bc4 Be7 4. d3 Nf6 5. 0-0 0-0 6. a3 a6 7. b4 d6 8. Bb2 b5 9. Ba2 Re8 10. Ng5 Rf8 11. Nf3 Re8 12. Ng5 Rf8 13. Nf3 1/2-1/2

[Event "EU-ch Seniors 65 (Women)"]
[Site "Porto"]
[Date "2014.03.12"]
[Round "4"]
[White "Khmiadashvili, Tamari"]
[Black "Zaitseva, Tamara Porfireva"]
[Result "1-0"]
[WhiteElo "2083"]
[BlackElo "2099"]
[PlyCount "45"]
[EventDate "2014.03.09"]
[EventType "tourn"]
[EventRounds "9"]
[EventCountry "POR"]
[SourceTitle "CBM 159 Extra"]
[Source "ChessBase"]
[SourceDate "2014.04.24"]
[SourceVersion "1"]
[SourceVersionDate "2014.04.24"]
[SourceQuality "1"]

1. b3 Nf6 2. Bb2 g6 3. f4 d6 4. Nf3 Bg7 5. e3 0-0 6. Be2 c5 7. 0-0 Nc6 8. Nc3 a6 9. Rb1 b5 10. Qe1 Nb4 11. Bd1 Nfd5 12. Nxd5 Nxd5 13. Bxg7 Kxg7 14. c4 Nb6 15. d3 b4 16. d4 Bb7 17. Bc2 e6 18. e4 Qc7 19. Qd2 Rfd8 20. f5 Qe7 21. f6+ Qxf6 22. Ng5 Rf8 23. Nf3 1-0

[Event "EU-ch Seniors 65 (Women)"]
[Site "Porto"]
[Date "2014.03.09"]
[Round "1"]
[White "Zaitseva, Tamara Porfireva"]
[Black "Gaprindashvili, Nona"]
[Result "0-1"]
[WhiteElo "2099"]
[BlackElo "2304"]
[PlyCount "102"]
[EventDate "2014.03.09"]
[EventType "tourn"]
[EventRounds "9"]
[EventCountry "POR"]
[SourceTitle "CBM 159 Extra"]
[Source "ChessBase"]
[SourceDate "2014.04.24"]
[SourceVersion "1"]
[SourceVersionDate "2014.04.24"]
[SourceQuality "1"]

1. e4 b6 2. d4 Bb7 3. Nc3 e6 4. Nge2 g6 5. Be3 Nf6 6. f3 d5 7. e5 Nfd7 8. Qd2 c5 9. Bg5 Qc8 10. f4 Nc6 11. 0-0-0 Ba6 12. Kb1 c4 13. g4 b5 14. f5 b4 15. fxe6 fxe6 16. Nxd5 exd5 17. e6 Nb6 18. Bf6 Rg8 19. g5 Bd6 20. Bh3 Ne7 21. c3 Qc7 22. cxb4 0-0-0 23. a3 Kb8 24. Nc3 Rge8 25. Rde1 Qc6 26. Bg2 Bb7 27. b5 Qc7 28. a4 Nbc8 29. Na2 a6 30. Nb4 axb5 31. axb5 Qb6 32. Na6+ Bxa6 33. bxa6 Qxa6 34. Be5 Bxe5 35. Rxe5 Rd6 36. Qf4 Qb5 37. Rhe1 Ka7 38. Qe3 Rf8 39. Qa3+ Kb6 40. Qa8 Rf2 41. R1e2 Rxe2 42. Rxe2 Kc7 43. Qa3 Ra6 44. Qc5+ Qxc5 45. dxc5 Kc6 46. Rf2 Kxc5 47. Rf7 Rxe6 48. Rxh7 d4 49. Bh3 Re1+ 50. Ka2 Nd6 51. Bg4 Nd5 0-1

[Event "Wch Seniors (Women) 21st"]
[Site "Rijeka"]
[Date "2011.11.26"]
[Round "11"]
[White "Zaitseva, Tamara Porfireva"]
[Black "Jayashree P, Sankpal"]
[Result "1/2-1/2"]
[WhiteElo "2183"]
[BlackElo "1710"]
[PlyCount "56"]
[EventDate "2011.11.15"]
[EventType "swiss"]
[EventRounds "11"]
[EventCountry "CRO"]
[SourceTitle "CBM 145 Extra"]
[Source "ChessBase"]
[SourceDate "2012.01.03"]
[SourceVersion "1"]
[SourceVersionDate "2012.01.03"]
[SourceQuality "1"]

1. e4 c5 2. Nf3 Nc6 3. Bb5 a6 4. Bxc6 bxc6 5. 0-0 d5 6. d3 Bg4 7. h3 Bh5 8. Nbd2 e6 9. Qe1 Bd6 10. e5 Bc7 11. Qe3 d4 12. Qe4 Ne7 13. Re1 Ba5 14. Re2 Nd5 15. Nc4 Bc7 16. Re1 Bg6 17. Qe2 h6 18. a3 a5 19. Nfd2 0-0 20. Ne4 Bxe4 21. Qxe4 Ne7 22. Bd2 Qd5 23. Qg4 Kh7 24. Re4 Ng8 25. Qe2 Ne7 26. Re1 Nf5 27. Qg4 a4 28. Qe2 Rab8 1/2-1/2

[Event "Wch Seniors (Women) 21st"]
[Site "Rijeka"]
[Date "2011.11.15"]
[Round "1"]
[White "Zaitseva, Tamara Porfireva"]
[Black "Kabanova, Irina"]
[Result "1/2-1/2"]
[WhiteElo "2183"]
[BlackElo "1959"]
[PlyCount "38"]
[EventDate "2011.11.15"]
[EventType "swiss"]
[EventRounds "11"]
[EventCountry "CRO"]
[SourceTitle "CBM 145 Extra"]
[Source "ChessBase"]
[SourceDate "2012.01.03"]
[SourceVersion "1"]
[SourceVersionDate "2012.01.03"]
[SourceQuality "1"]

1. e4 c5 2. Nf3 e6 3. d4 cxd4 4. Nxd4 a6 5. Nc3 Qc7 6. Be3 Nf6 7. Be2 d6 8. 0-0 Be7 9. h3 Bd7 10. Qd2 Nc6 11. Rad1 Rd8 12. f4 Nxd4 13. Bxd4 Bc6 14. Qe3 Rc8 15. f5 0-0 16. Bb6 Qb8 17. Ba7 Qc7 18. Bb6 Qb8 19. Ba7 Qc7 1/2-1/2

[Event "Wch Seniors (Women) 19th"]
[Site "Condino"]
[Date "2009.11.06"]
[Round "8"]
[White "Sokolovskaya, Serafima"]
[Black "Zaitseva, Tamara Porfireva"]
[Result "1/2-1/2"]
[WhiteElo "2100"]
[BlackElo "2221"]
[PlyCount "29"]
[EventDate "2009.10.27"]
[EventType "swiss"]
[EventRounds "9"]
[EventCountry "ITA"]
[SourceTitle "EXT 2010"]
[Source "ChessBase"]
[SourceDate "2010.11.25"]
[SourceVersion "1"]
[SourceVersionDate "2010.11.25"]
[SourceQuality "1"]

1. c4 Nf6 2. Nc3 g6 3. g3 Bg7 4. Bg2 0-0 5. d4 d6 6. Nf3 Nbd7 7. 0-0 c5 8. e3 Rb8 9. Bd2 b6 10. Rb1 Bb7 11. Re1 Ne4 12. d5 Nxd2 13. Qxd2 Ne5 14. Nxe5 Bxe5 15. e4 1/2-1/2

[Event "Wch Seniors (Women) 19th"]
[Site "Condino"]
[Date "2009.10.30"]
[Round "3"]
[White "Zaitseva, Tamara Porfireva"]
[Black "Gaprindashvili, Nona"]
[Result "0-1"]
[WhiteElo "2221"]
[BlackElo "2349"]
[PlyCount "170"]
[EventDate "2009.10.27"]
[EventType "swiss"]
[EventRounds "9"]
[EventCountry "ITA"]
[SourceTitle "EXT 2010"]
[Source "ChessBase"]
[SourceDate "2010.11.25"]
[SourceVersion "1"]
[SourceVersionDate "2010.11.25"]
[SourceQuality "1"]

1. b3 e5 2. Bb2 Nc6 3. e3 d6 4. Bb5 Bd7 5. Nf3 e4 6. Bxc6 bxc6 7. Ng1 Qg5 8. g3 Bg4 9. f3 Bh5 10. Qe2 Ne7 11. Qf2 f5 12. Nc3 d5 13. 0-0-0 Qh6 14. Rf1 0-0-0 15. h3 Be8 16. Nge2 Rg8 17. fxe4 fxe4 18. g4 Bd7 19. Nd4 c5 20. Nf5 Qe6 21. Nxe7+ Bxe7 22. Qf7 Rdf8 23. Qxe6 Bxe6 24. Ne2 g5 25. Be5 Bd6 26. Bxd6 cxd6 27. Ng3 Kd7 28. Kd1 Ke7 29. Ke2 Bc8 30. d3 exd3+ 31. cxd3 Ba6 32. Rxf8 Rxf8 33. Nf5+ Kd7 34. Kd2 h5 35. Rh2 Rf7 36. Ng3 h4 37. Nf5 Kc6 38. Kc3 Bc8 39. Rf2 Be6 40. a3 a5 41. b4 d4+ 42. exd4 cxb4+ 43. axb4 axb4+ 44. Kxb4 Kd5 45. Kc3 Bxf5 46. gxf5 Rf8 47. Rf3 Rc8+ 48. Kd2 Kxd4 49. f6 Ke5 50. f7 Rf8 51. d4+ Ke6 52. d5+ Ke7 53. Rf5 Rxf7 54. Rxg5 Rf3 55. Rg7+ Kf6 56. Rg4 Rxh3 57. Re4 Rh2+ 58. Ke3 Kg5 59. Re6 h3 60. Rxd6 Re2+ 61. Kxe2 h2 62. Ke3 h1Q 63. Kd4 Kf5 64. Re6 Qa1+ 65. Kc4 Qa4+ 66. Kc5 Qb3 67. Kc6 Qc4+ 68. Kd6 Qb5 69. Re5+ Kf4 70. Re6 Qc4 71. Re7 Qa6+ 72. Kd7 Qb7+ 73. Kd6 Qb6+ 74. Kd7 Qb5+ 75. Kd6 Qc4 76. Re6 Kf5 77. Re5+ Kf6 78. Re6+ Kf7 79. Re7+ Kf8 80. Re6 Qd4 81. Kc6 Kf7 82. Kd6 Qf4+ 83. Kc6 Qb4 84. Rd6 Qc4+ 85. Kd7 Qc5 0-1

[Event "Cappelle op 11th"]
[Site "Cappelle la Grande"]
[Date "1995.??.??"]
[Round "6"]
[White "Primel, Dominique"]
[Black "Zaitseva, Tamara Porfireva"]
[Result "1/2-1/2"]
[WhiteElo "2035"]
[BlackElo "2310"]
[PlyCount "45"]
[EventDate "1995.03.??"]
[EventType "swiss"]
[EventRounds "9"]
[EventCountry "FRA"]
[SourceTitle "EXT 1997"]
[Source "ChessBase"]
[SourceDate "1996.11.15"]
[SourceVersion "1"]
[SourceVersionDate "1996.11.15"]
[SourceQuality "1"]

1. Nf3 Nf6 2. c4 g6 3. Nc3 Bg7 4. e4 d6 5. d4 0-0 6. Be2 Nc6 7. 0-0 e5 8. d5 Ne7 9. Ne1 a5 10. Be3 Nd7 11. Nd3 f5 12. f3 f4 13. Bf2 g5 14. c5 Nf6 15. Kh1 Ng6 16. cxd6 cxd6 17. Nb5 Rf7 18. Rc1 Bf8 19. Rc3 Ne8 20. Qc2 Bd7 21. a4 h5 22. Rc1 g4 23. b3 1/2-1/2

[Event "Cappelle op 11th"]
[Site "Cappelle la Grande"]
[Date "1995.??.??"]
[Round "5"]
[White "Zaitseva, Tamara Porfireva"]
[Black "Eusebe, Aurelien"]
[Result "1/2-1/2"]
[WhiteElo "2310"]
[BlackElo "2090"]
[PlyCount "148"]
[EventDate "1995.03.??"]
[EventType "swiss"]
[EventRounds "9"]
[EventCountry "FRA"]
[SourceTitle "EXT 1997"]
[Source "ChessBase"]
[SourceDate "1996.11.15"]
[SourceVersion "1"]
[SourceVersionDate "1996.11.15"]
[SourceQuality "1"]

1. f4 c5 2. Nf3 g6 3. e4 Bg7 4. Nc3 Nc6 5. Bc4 e6 6. d3 Nge7 7. Qe2 Nd4 8. Nxd4 cxd4 9. Nd1 0-0 10. 0-0 d5 11. Bb3 a5 12. a3 dxe4 13. dxe4 b6 14. Bc4 Qc7 15. Bd3 f5 16. Kh1 Bb7 17. Nf2 Rae8 18. Re1 Kh8 19. Bb5 Rc8 20. Bd3 Rce8 21. Bb5 Rc8 22. Bd3 Qc6 23. Bd2 Ng8 24. Rac1 e5 25. c3 Qd6 26. cxd4 Rxc1 27. Rxc1 exf4 28. exf5 Bxd4 29. Bc3 Bxc3 30. Rxc3 gxf5 31. Nh3 f3 32. gxf3 Ne7 33. Bc4 Ng6 34. Rd3 Qc7 35. Rc3 Qd8 36. Ng1 Re8 37. Re3 Rxe3 38. Qxe3 Kg7 39. Qe6 Qe7 40. Qxb6 Ne5 41. Qd4 Kg6 42. Be2 Qc7 43. Qf4 Qe7 44. Qe3 Qd6 45. Qf4 Qe7 46. Qe3 Qd6 47. Nh3 h6 48. Nf4+ Kh7 49. Kg1 Ng6 50. Nxg6 Kxg6 51. Qe8+ Kg7 52. Qb5 Qe7 53. Kf1 Qc7 54. Qxf5 Qc1+ 55. Kf2 Qxb2 56. Qxa5 Qd4+ 57. Kg2 Qg4+ 58. Kf2 Qd4+ 59. Kf1 Qa1+ 60. Kg2 Qb2 61. Qb5 Bxf3+ 62. Kxf3 Qxa3+ 63. Kg2 Qa8+ 64. Bf3 Qd8 65. Qb7+ Kf6 66. Qc6+ Kg7 67. Qb7+ Kf6 68. h4 Qe7 69. Qb8 Qg7+ 70. Kf2 Qe7 71. Qf4+ Kg7 72. Qg4+ Kh7 73. h5 Qc5+ 74. Kg2 Qg5 1/2-1/2